000
00286nam a2200121Ia 4500
005
20251028132345.0
008
251020t2012||||xx |||||||||||||| ||spa||
041
_a
spa
100
_a
Cuadrado Ramos, José Daniel
245
0
_a
Manual de derecho mercantil
260
_c
2012
942
_C
LB
_c
LB
999
_c
903
_d
903